Missing Word: Chronicles of Narnia Quiz Stats

 Plays Quiz Updated Jan 27, 2016

Challenge
Share
Tweet
Embed
Score 0/7 Timer 01:00
0 Plays Today
Title Answer % Correct
The Lion, the ____ and the WardrobeWitch
99.7%
Prince ____Caspian
87.2%
The ____ of the Dawn TreaderVoyage
77.9%
The Magician's ____Nephew
71.2%
The ____ ChairSilver
68.2%
The ____ and His BoyHorse
65.4%
The Last ____Battle
60.8%

Today's Daily Dose

Missing Word
Biopics

Word Ladder
Food Idioms

Quick Pick
Diets

On This Day
December 18th II

You're not logged in!

Compare scores with friends on all Sporcle quizzes.
OR
Log In

You Might Also Like...

Show Comments

Extras

Top Quizzes Today


Score Distribution

Your Account Isn't Verified!

In order to create a playlist on Sporcle, you need to verify the email address you used during registration. Go to your Sporcle Settings to finish the process.

Report this User

Report this user for behavior that violates our Community Guidelines.

Details: